| 000 | 00816nam a2200229 i 4500 | ||
|---|---|---|---|
| 001 | bg | ||
| 245 | Z |
_aKNWS'04 - materiały konferencji naukowej "Informatyka - sztuka czy rzemiosło" : _b[23-25 czerwca 2004 r.] / _cred. nauk. Zbigniew Skowroński, Grzegorz Andrzejewski ; [Instytut Informatyki i Elektroniki Uniwersytetu Zielonogórskiego]. |
|
| 260 |
_aZielona Góra : _bOficyna Wydawnicza UZ, _c2004. |
||
| 300 |
_a237 s. : _brys., wykr. ; _c24 cm. |
||
| 504 | _aBibliogr. przy ref. | ||
| 650 | 9 | _aInformatyka | |
| 655 | _aMateriały konferencyjne | ||
| 700 | 1 |
_aSKOWROŃSKI, Zbigniew. _eRed. |
|
| 700 | 1 | _aANDRZEJEWSKI, Grzegorz | |
| 020 | _a8389712164 | ||
| 040 | _cBPK | ||
| 041 | 0 | _apol | |
| 080 | _a004(061) | ||
| 920 | _a83-89712-16-4 | ||
| 942 | _cKS | ||
| 008 | s pl f |000 0 pol | ||
| 999 |
_c46440 _d46440 |
||